书目信息 |
| 题名: |
恒河猴局部解剖学
|
|
| 作者: | 黄韧 主编 | |
| 分册: | ||
| 出版信息: | 北京 人民卫生出版社 2019.03 |
|
| 页数: | 14, 305页 | |
| 开本: | 29cm | |
| 丛书名: | ||
| 单 册: | ||
| 中图分类: | R323 | |
| 科图分类: | ||
| 主题词: | 局部解剖学--ju bu jie pou xue | |
| 电子资源: | ||
| ISBN: | 978-7-117-24834-1 | |
| 000 | 00899nam0 2200241 450 | |
| 001 | 0109110141 | |
| 005 | 20201109110337.0 | |
| 010 | @a978-7-117-24834-1@b精装@dCNY470.00 | |
| 100 | @a20190731d2019 em y0chiy50 ea | |
| 101 | 0 | @achi |
| 102 | @aCN@b110000 | |
| 105 | @aa z 001yy | |
| 106 | @ar | |
| 200 | 1 | @a恒河猴局部解剖学@Aheng he hou ju bu jie pou xue@dRegional anatomy of Rhesus monkey@f黄韧主编@zeng |
| 210 | @a北京@c人民卫生出版社@d2019.03 | |
| 215 | @a14, 305页@c图,照片@d29cm | |
| 330 | @a本书由9章组成,第一章总论对基本术语、分区、基本结构等进行说明,第二至第九章分别对头部、颈部、胸部、腹部、盆部与会阴、脊柱区、上肢、下肢的局部解剖进行描述。 | |
| 510 | 1 | @aRegional anatomy of Rhesus monkey@zeng |
| 606 | 0 | @a局部解剖学@Aju bu jie pou xue |
| 690 | @aR323@v5 | |
| 701 | 0 | @a黄韧@Ahuang ren@f(1959- )@4主编 |
| 801 | 0 | @aCN@bBJSZM@c20201103 |
| 905 | @b1213673-4@dR323@e347@f2 | |
| 恒河猴局部解剖学=Regional anatomy of Rhesus monkey/黄韧主编.-北京:人民卫生出版社,2019.03 |
| 14, 305页:图,照片;29cm |
| ISBN 978-7-117-24834-1(精装):CNY470.00 |
| 本书由9章组成,第一章总论对基本术语、分区、基本结构等进行说明,第二至第九章分别对头部、颈部、胸部、腹部、盆部与会阴、脊柱区、上肢、下肢的局部解剖进行描述。 |
| ● |
| 相关链接 |
|
|
|
|
正题名:恒河猴局部解剖学
索取号:R323/347
 
预约/预借
| 序号 | 登录号 | 条形码 | 馆藏地/架位号 | 状态 | 备注 |
| 1 | 1213673 | 212136730 | 第二样本阅览室/ [索取号:R323/347] | 在馆 | |
| 2 | 1213674 | 212136749 | 第三借阅区/ [索取号:R323/347] | 在馆 |